000 00193 a2200097 4500
001 56733
100 _a
245 _aJimmy parkers new job
260 _aND
_bV. G. L.
_c
090 _c34864
_d34864
942 _aNUST-CAE
_c
_c27629
999 _c291806
_d291806